000 00392cam a22000977a 4500
008 180718b1976 xxu||||| |||| 00| 0 eng d
082 _aT34x5433 P969
245 _aReport on the distributive trade survey relating to urban areas of Punjab
_cby Economic and Statistical Organisation, Punjab
260 _aChandigarh
_bGovernment Press
_c1976
700 _aPunjab. Economic and Statistical Organisation
999 _c497877
_d497877